<?xml version="1.0" encoding="UTF-8"?>
<record
    xmlns:xsi="http://www.w3.org/2001/XMLSchema-instance"
    xsi:schemaLocation="http://www.loc.gov/MARC21/slim http://www.loc.gov/standards/marcxml/schema/MARC21slim.xsd"
    xmlns="http://www.loc.gov/MARC21/slim">

  <leader>01406nam0a2200301   4500</leader>
  <controlfield tag="001">RU\NLR\bibl\1775588</controlfield>
  <controlfield tag="005">20250616133101.0</controlfield>
  <datafield tag="010" ind1=" " ind2=" ">
    <subfield code="a">978-5-9624-0492-9</subfield>
    <subfield code="9">100</subfield>
  </datafield>
  <datafield tag="021" ind1=" " ind2=" ">
    <subfield code="a">RU</subfield>
    <subfield code="b">2011-36047</subfield>
    <subfield code="9">2572</subfield>
  </datafield>
  <datafield tag="035" ind1=" " ind2=" ">
    <subfield code="a">(NLR Aleph) 001766354</subfield>
  </datafield>
  <datafield tag="090" ind1=" " ind2=" ">
    <subfield code="a">1610067</subfield>
    <subfield code="c">1610067</subfield>
  </datafield>
  <datafield tag="100" ind1=" " ind2=" ">
    <subfield code="a">20110602d2010    |||y0rusy50      ca</subfield>
  </datafield>
  <datafield tag="101" ind1="0" ind2=" ">
    <subfield code="a">rus</subfield>
  </datafield>
  <datafield tag="102" ind1=" " ind2=" ">
    <subfield code="a">RU</subfield>
  </datafield>
  <datafield tag="105" ind1=" " ind2=" ">
    <subfield code="a">y   |||||||||</subfield>
  </datafield>
  <datafield tag="200" ind1="1" ind2=" ">
    <subfield code="a">&#x420;&#x435;&#x441;&#x43E;&#x446;&#x438;&#x430;&#x43B;&#x438;&#x437;&#x430;&#x446;&#x438;&#x44F; &#x43D;&#x435;&#x441;&#x43E;&#x432;&#x435;&#x440;&#x448;&#x435;&#x43D;&#x43D;&#x43E;&#x43B;&#x435;&#x442;&#x43D;&#x438;&#x445; &#x43E;&#x441;&#x443;&#x436;&#x434;&#x435;&#x43D;&#x43D;&#x44B;&#x445;</subfield>
    <subfield code="e">(&#x43F;&#x43E; &#x43C;&#x430;&#x442;&#x435;&#x440;&#x438;&#x430;&#x43B;&#x430;&#x43C; &#x412;&#x43E;&#x441;&#x442;&#x43E;&#x447;&#x43D;&#x43E;-&#x421;&#x438;&#x431;&#x438;&#x440;&#x441;&#x43A;&#x43E;&#x433;&#x43E; &#x440;&#x435;&#x433;&#x438;&#x43E;&#x43D;&#x430;)</subfield>
    <subfield code="e">&#x43C;&#x43E;&#x43D;&#x43E;&#x433;&#x440;&#x430;&#x444;&#x438;&#x44F;</subfield>
    <subfield code="f">&#x41C;. &#x41D;. &#x421;&#x430;&#x434;&#x43E;&#x432;&#x43D;&#x438;&#x43A;&#x43E;&#x432;&#x430;</subfield>
    <subfield code="g">&#x41C;-&#x432;&#x43E; &#x43E;&#x431;&#x440;&#x430;&#x437;&#x43E;&#x432;&#x430;&#x43D;&#x438;&#x44F; &#x438; &#x43D;&#x430;&#x443;&#x43A;&#x438; &#x420;&#x43E;&#x441;. &#x424;&#x435;&#x434;&#x435;&#x440;&#x430;&#x446;&#x438;&#x438;, &#x413;&#x41E;&#x423; &#x412;&#x41F;&#x41E; "&#x418;&#x440;&#x43A;&#x443;&#x442;. &#x433;&#x43E;&#x441;. &#x443;&#x43D;-&#x442;"</subfield>
  </datafield>
  <datafield tag="210" ind1=" " ind2=" ">
    <subfield code="a">&#x418;&#x440;&#x43A;&#x443;&#x442;&#x441;&#x43A;</subfield>
    <subfield code="c">&#x418;&#x437;&#x434;-&#x432;&#x43E; &#x418;&#x440;&#x43A;&#x443;&#x442;&#x441;&#x43A;&#x43E;&#x433;&#x43E; &#x433;&#x43E;&#x441;&#x443;&#x434;&#x430;&#x440;&#x441;&#x442;&#x432;&#x435;&#x43D;&#x43D;&#x43E;&#x433;&#x43E; &#x443;&#x43D;&#x438;&#x432;&#x435;&#x440;&#x441;&#x438;&#x442;&#x435;&#x442;&#x430;</subfield>
    <subfield code="d">2010</subfield>
  </datafield>
  <datafield tag="215" ind1=" " ind2=" ">
    <subfield code="a">415 &#x441;.</subfield>
    <subfield code="c">&#x441;&#x445;&#x435;&#x43C;.</subfield>
    <subfield code="d">20</subfield>
  </datafield>
  <datafield tag="320" ind1=" " ind2=" ">
    <subfield code="a">&#x411;&#x438;&#x431;&#x43B;&#x438;&#x43E;&#x433;&#x440;.: &#x441;. 400-415 (218 &#x43D;&#x430;&#x437;&#x432;.)</subfield>
  </datafield>
  <datafield tag="606" ind1="1" ind2=" ">
    <subfield code="a">&#x41D;&#x435;&#x441;&#x43E;&#x432;&#x435;&#x440;&#x448;&#x435;&#x43D;&#x43D;&#x43E;&#x43B;&#x435;&#x442;&#x43D;&#x438;&#x435;, &#x43E;&#x442;&#x431;&#x44B;&#x432;&#x430;&#x44E;&#x449;&#x438;&#x435; &#x43D;&#x430;&#x43A;&#x430;&#x437;&#x430;&#x43D;&#x438;&#x435;</subfield>
    <subfield code="x">&#x420;&#x435;&#x441;&#x43E;&#x446;&#x438;&#x430;&#x43B;&#x438;&#x437;&#x430;&#x446;&#x438;&#x44F;</subfield>
    <subfield code="9">2329263</subfield>
    <subfield code="3">RU\NLR\auth\661392987</subfield>
  </datafield>
  <datafield tag="686" ind1=" " ind2=" ">
    <subfield code="a">&#x421;550.325.2</subfield>
  </datafield>
  <datafield tag="700" ind1=" " ind2="1">
    <subfield code="a">&#x421;&#x430;&#x434;&#x43E;&#x432;&#x43D;&#x438;&#x43A;&#x43E;&#x432;&#x430;</subfield>
    <subfield code="b">&#x41C;. &#x41D;.</subfield>
    <subfield code="g">&#x41C;&#x430;&#x440;&#x438;&#x430;&#x43D;&#x43D;&#x430; &#x41D;&#x438;&#x43A;&#x43E;&#x43B;&#x430;&#x435;&#x432;&#x43D;&#x430;</subfield>
    <subfield code="4">070</subfield>
  </datafield>
  <datafield tag="801" ind1=" " ind2="0">
    <subfield code="a">RU</subfield>
    <subfield code="b">NLR</subfield>
    <subfield code="c">20110602</subfield>
    <subfield code="g">RCR</subfield>
  </datafield>
  <datafield tag="801" ind1=" " ind2="1">
    <subfield code="a">RU</subfield>
    <subfield code="b">NLR</subfield>
    <subfield code="c">20110602</subfield>
  </datafield>
  <datafield tag="942" ind1=" " ind2=" ">
    <subfield code="c">BOOK</subfield>
  </datafield>
  <datafield tag="980" ind1=" " ind2=" ">
    <subfield code="a">NB</subfield>
  </datafield>
  <datafield tag="995" ind1=" " ind2=" ">
    <subfield code="5">2011-06-02</subfield>
    <subfield code="a">ad</subfield>
    <subfield code="b">NLR01</subfield>
    <subfield code="c">NLR01</subfield>
    <subfield code="e">RF8</subfield>
    <subfield code="f">3428526</subfield>
    <subfield code="k">2011-3/17910</subfield>
    <subfield code="o">0</subfield>
    <subfield code="r">BOOK</subfield>
    <subfield code="s">2011317910_</subfield>
  </datafield>
  <datafield tag="995" ind1=" " ind2=" ">
    <subfield code="5">2011-06-02</subfield>
    <subfield code="a">ad</subfield>
    <subfield code="b">NLR01</subfield>
    <subfield code="c">NLR01</subfield>
    <subfield code="e">RF8</subfield>
    <subfield code="f">3428527</subfield>
    <subfield code="k">2011-3/17910</subfield>
    <subfield code="o">0</subfield>
    <subfield code="r">BOOK</subfield>
    <subfield code="s">2011317910_</subfield>
  </datafield>
</record>
